000 01959pab a2200169 454500
008 180718b2012 xxu||||| |||| 00| 0 eng d
100 _aGagnon, Alain-G.
245 _aCanadian federalism: An account
260 _c2012
300 _ap.1-14.
520 _aTwo federal traditions have developed side by side in Canada: the first is territorial and mononational, while the second is based on a plurinational understanding of the politeia. The dominant culture, combined with waves of immigration favouring English Canadians, has had a decisive impact on the evolution of Canadian federalism. The Quebecois have defended the institutions of parliamentary democracy at the provincial level. Parliamentary supremacy seems like a compelling vehicle for getting the voice of their national community heard and to be a key political instrument making it possible to advance their societal plan in the framework of negotiations with Ottawa, while at the same time making the Quebec Assemblee nationale the forum, for example, for democratic deliberation. It is important to point out the efforts by the central government and the Supreme Court (when it is asked) to pursue a standardisation mission in the name of universal rights. This pursuit is an obstacle to establishing truly federal practices since federalism "necessarily results in different legal regimes and some fragmentation of the system of rights." As a matter of fact, Canada gives the impression of being a decentralised federation, but that does not reveal the hidden face of the institutional structure inherited from the British Empire s Golden Age. The paper critically argues that over the years Canadian Supreme Court has played crucial role in creating a central state with a unitary appearance that clashes with its plural nature. - Reproduced.
650 _aFederalism - India
650 _aFederalism
773 _aIndian Journal of Federal Studies
908 _aN
909 _a102767
999 _c102765
_d102765